000 00669nam a22001937a 4500
005 20241211121156.0
010 _aDEC24SC ENG-142956
020 _a9789355017239
_c495.00
035 _aEN-126488
082 _a909.08
_21
100 _aShukla, Ajay
_974959
245 _aHistory of the Modern World/
_cby Ajay Shukla
250 _a1
260 _aNew Delhi
_bS Chand and Company Limited
_c2023
270 _a A-27, 2nd Floor, Mohan Co-operative Industrial Estate
_bNew Delhi
_e110044
_minfo@schandpublishing.com
_k011-49731800
300 _axiii,394p.
_c23cm(pb)
500 _aFor UPSC Civil Services Examinations
942 _2ddc
_cEN
_h909.08
_mSHU
_e1
999 _c207566
_d207566